Catholic University of Zimbabwe Library
Online Public Access Catalogue
(OPAC)

Studies in Rabbinic Hebrew (Record no. 29218)

MARC details
000 -LEADER
fixed length control field 04267nam a2200517 i 4500
001 - CONTROL NUMBER
control field xb30077618
006 - FIXED-LENGTH DATA ELEMENTS--ADDITIONAL MATERIAL CHARACTERISTICS
fixed length control field m d
007 - PHYSICAL DESCRIPTION FIXED FIELD--GENERAL INFORMATION
fixed length control field cr n
008 - FIXED-LENGTH DATA ELEMENTS--GENERAL INFORMATION
fixed length control field 200528t20202020enk sb 000 0 eng d
020 ## - INTERNATIONAL STANDARD BOOK NUMBER
International Standard Book Number 9781783746828
Qualifying information (pdf)
020 ## - INTERNATIONAL STANDARD BOOK NUMBER
International Standard Book Number 9781783746835
Qualifying information (epub)
020 ## - INTERNATIONAL STANDARD BOOK NUMBER
International Standard Book Number 9781783746842
Qualifying information (azw3)
020 ## - INTERNATIONAL STANDARD BOOK NUMBER
International Standard Book Number 9781783747689
Qualifying information (XML)
020 ## - INTERNATIONAL STANDARD BOOK NUMBER
Canceled/invalid ISBN 9781783746804 (pbk.)
020 ## - INTERNATIONAL STANDARD BOOK NUMBER
Canceled/invalid ISBN 9781783746811 (hbk.)
022 ## - INTERNATIONAL STANDARD SERIAL NUMBER
Canceled ISSN 2632-6906 (Print)
022 ## - INTERNATIONAL STANDARD SERIAL NUMBER
Canceled ISSN 2632-6914 (Online)
040 ## - CATALOGING SOURCE
Original cataloging agency StSaUL
Language of cataloging eng
Description conventions rda
041 0# - LANGUAGE CODE
Language code of text/sound track or separate title eng
Language code of original heb
245 00 - TITLE STATEMENT
Title Studies in Rabbinic Hebrew
Medium [electronic resource] /
Statement of responsibility, etc. edited by Shai Heijmans.
264 #1 - PRODUCTION, PUBLICATION, DISTRIBUTION, MANUFACTURE, AND COPYRIGHT NOTICE
Name of producer, publisher, distributor, manufacturer Open Book Publishers ;
300 ## - PHYSICAL DESCRIPTION
Extent 1 online resource (240 pages)
490 1# - SERIES STATEMENT
Series statement Cambridge Semitic languages and cultures
International Standard Serial Number 2632-6914 ;
Volume/sequential designation vol. 2
500 ## - GENERAL NOTE
General note At head of front cover: Cambridge Semitic languages and cultures.
500 ## - GENERAL NOTE
General note Available through Open Book Publishers.
504 ## - BIBLIOGRAPHY, ETC. NOTE
Bibliography, etc. note Includes bibliographical references and index.
505 0# - FORMATTED CONTENTS NOTE
Title Introduction /
Statement of responsibility Shai Heijmans --
Miscellaneous information 1.
Title Rabba and Rava, ʾAbba and ʾAva: Spelling, Pronunciation and Meaning /
Statement of responsibility Yochanan Breuer --
Miscellaneous information 2.
Title The
-- Vocalisation of MS Cambridge of the Mishnah: An Encounter Between Traditions /
Statement of responsibility Yehudit Henshke --
Miscellaneous information 3.
Title Adjacency Pairs and Argumentative Steps in The Halakhic Give-and-Take Conversations in The Mishnah /
Statement of responsibility Rivka Shemesh-Raiskin --
Miscellaneous information 4.
Title Tannaitic Aramaic: Methodological Remarks and a Test Case /
Statement of responsibility Christian Stadel --
Miscellaneous information 5.
Title Rabbinic Entries in R. Judah Ibn-Tibbon's Translation of Duties of the Hearts /
Statement of responsibility Barak Avirbach --
Miscellaneous information 6.
Title The
-- Distinction Between Branches of Rabbinic Hebrew in Light of the Hebrew of the Late Midrash /
Statement of responsibility Yehonatan Wormser --
Miscellaneous information 7.
Title Two Textual Versions of Psiqata of the Ten Commandments /
Statement of responsibility hlomi Efrati --
Miscellaneous information 8.
Title Vowel Reduction in Greek Loanwords in the Mishnah: The Phenomenon and Its Significance /
Statement of responsibility Shai Heijmans -- Contributors -- About the Publishing Team -- Index.
506 ## - RESTRICTIONS ON ACCESS NOTE
Terms governing access Open access resource providing free access.
520 ## - SUMMARY, ETC.
Summary, etc. "This volume presents a collection of articles centring on the language of the Mishnah and the Talmud - the most important Jewish texts (after the Bible), which were compiled in Palestine and Babylonia in the latter centuries of Late Antiquity. Despite the fact that Rabbinic Hebrew has been the subject of growing academic interest across the past century, very little scholarship has been written on it in English. Studies in Rabbinic Hebrew addresses this lacuna, with eight lucid but technically rigorous articles written in English by a range of experienced scholars, focusing on various aspects of Rabbinic Hebrew: its phonology, morphology, syntax, pragmatics and lexicon. This volume is essential reading for students and scholars of Rabbinic studies alike, and constitutes the second in a new series, Studies in Semitic Languages and Cultures, in collaboration with the Faculty of Asian and Middle Eastern Studies at the University of Cambridge."--Publisher's website.
538 ## - SYSTEM DETAILS NOTE
System details note Mode of access: World Wide Web.
540 ## - TERMS GOVERNING USE AND REPRODUCTION NOTE
Terms governing use and reproduction This work is licensed under a Creative Commons Attribution 4.0 International license (CC BY 4.0). For more detailed information consult the publisher's website.
546 ## - LANGUAGE NOTE
Language note "This volume contains Hebrew and Arabic text. Please, check that your e-reader supports texts set in left-to-right direction before purchasing the epub and azw3 editions of the book."--Note on publisher's website.
546 ## - LANGUAGE NOTE
Language note Extracts of texts in Hebrew.
630 00 - SUBJECT ADDED ENTRY--UNIFORM TITLE
Uniform title Mishnah
General subdivision Language, style.
650 #0 - SUBJECT ADDED ENTRY--TOPICAL TERM
Topical term or geographic name entry element Hebrew language, Talmudic.
700 1# - ADDED ENTRY--PERSONAL NAME
Personal name Heijmans, Shai,
Relator term editor.
710 2# - ADDED ENTRY--CORPORATE NAME
Corporate name or jurisdiction name as entry element Open Book Publishers,
Relator term publisher.
710 2# - ADDED ENTRY--CORPORATE NAME
Corporate name or jurisdiction name as entry element University of Cambridge.
Subordinate unit Faculty of Asian and Middle Eastern Studies,
Relator term publisher.
830 #0 - SERIES ADDED ENTRY--UNIFORM TITLE
Uniform title Semitic languages and cultures ;
Volume/sequential designation v. 2.
International Standard Serial Number 2632-6914
856 40 - ELECTRONIC LOCATION AND ACCESS
Uniform Resource Identifier <a href="http://doi.org/10.11647/OBP.0164">http://doi.org/10.11647/OBP.0164</a>
Public note Connect to e-book
856 42 - ELECTRONIC LOCATION AND ACCESS
Uniform Resource Identifier <a href="https://www.openbookpublishers.com/shopimages/products/cover/952.jpg">https://www.openbookpublishers.com/shopimages/products/cover/952.jpg</a>
Public note Connect to cover image
Holdings
Withdrawn status Lost status Source of classification or shelving scheme Damaged status Not for loan Home library Current library Shelving location Date acquired Total Checkouts Date last seen Uniform Resource Identifier Price effective from Koha item type
          Digital Library Digital Library Online Access 15.02.2021   15.02.2021 http://doi.org/10.11647/OBP.0164 15.02.2021 eBook

OPENING HOURS

Weekdays: 0815hrs - 1800hrs
Weekends:0900hrs - 1200hrs

Closed for Mass:

Mon, Thur: 1200hrs - 1300hrs
Sunday & Public Holiday’s

CALL SUPPORT

0242-570570, 0242-570169
09200664, +263 8644140602

LOCATION

18443, Cranborne Avenue, Hatfield, Harare

Other Links


©2021 | CUZ Library